| 000 | 02316nab a2200313 a 4500 | ||
|---|---|---|---|
| 005 | 20210219162159.0 | ||
| 008 | 991125s1985 mx 000 0 spa u | ||
| 035 | _aUPN01000199295 | ||
| 049 | _aART-E | ||
| 100 | 1 | _aSuárez Salazar, Andrea | |
| 100 | 1 | _uandreasuarez@autonoma.edu.co | |
| 100 | 1 | _aChica Lasso, Marco Fidel | |
| 100 | 1 | _uMChica@usbbog.edu.co | |
| 222 | _aAULA : REVISTA DE PEDAGOGIA DE LA UNIVERSIDAD DE SALAMANCA | ||
| 245 | _aEl mundo de la vida del investigador colombiano en educación y pedagogía en el contexto universitario de la ciudad de Manizales: una mirada fenomenológica | ||
| 260 | _aEspaña | ||
| 300 | _a171-185 | ||
| 362 | 0 | _a2011 Vol. 17 | |
| 520 | 3 | _aEste artículo da cuenta de una investigación adscrita al proyecto Regiones Investigativas en Educación y Pedagogía en Colombia: Construcción de un mapa de la actividad investigativa para el período 2000-2010 del Doctorado en Ciencias Sociales Niñez y Juventud del convenio CINDE - Universidad de Manizales. Su objetivo es comprender el sentido otorgado por los investigadores colombianos en educación y pedagogía, en el contexto universitario de Manizales, a su quehacer cotidiano en investigación. Se utilizó un método de investigación cualitativa de tipo fenomenológico con un enfoque hermenéutico. Se entrevistaron cuatro investigadores de cuatro universidades de la ciudad, cuyos encuentros fueron grabados y transcritos. Los datos se analizaron usando dos métodos: el análisis temático del fenomenólogo Max Van Manen y el círculo hermenéutico de Hans-Georg Gadamer. La conclusión es que la experiencia central de ser investigador en estas áreas es la dignificación, la cual se configura desde tres temas: una relación consigo mismo, unas trayectorias y unos modos de sentido. Se concluye además que estos temas están íntimamente ligados con la vida de la investigación institucional de Manizales. | |
| 653 | 0 | _aINVESTIGADORES EDUCATIVOS | |
| 653 | 0 | _aCIENCIAS SOCIALES | |
| 653 | 0 | _aCONTEXTO UNIVERSITARIO | |
| 856 | 4 | _uhttp://campus.usal.es/~revistas_trabajo/index.php/0214-3402/article/view/8402/9112 | |
| 905 | _aArticulo | ||
| 336 | _atexto$2rdacontent | ||
| 337 | _acomputadora$2rdamedia | ||
| 338 | _arecurso en linea$2rdacarrier | ||
| 999 |
_c171396 _d171396 |
||